[Event "POR-chT"]
[Site "Maia"]
[Date "2018.07.20"]
[Round "7.1"]
[White "Turcer, Dusan"]
[Black "Eggert, Alberto"]
[Result "0-1"]
[WhiteElo "2039"]
[BlackElo "2142"]
[PlyCount "76"]
[EventDate "2018.07.16"]
[EventType "team-tourn"]
[EventRounds "9"]
[EventCountry "POR"]
[SourceTitle "CBM 185 Extra"]
[Source "ChessBase"]
[SourceDate "2018.07.29"]
[SourceVersion "1"]
[SourceVersionDate "2018.07.29"]
[SourceQuality "1"]
[WhiteTeam "Mata de Benfica"]
[BlackTeam "Amadora"]
[WhiteTeamCountry "POR"]
[BlackTeamCountry "POR"]

1. e4 e5 2. f4 exf4 3. Bc4 Ne7 4. Nc3 c6 5. Bb3 d6 6. d4 Ng6 7. Nf3 Be7 8. 0-0 Nd7 9. Ne2 Nf6 10. Qd3 Nh5 11. Bd2 Qb6 12. Kh1 0-0 13. Rae1 Bg4 14. Nfg1 Bh4 15. g3 fxg3 16. hxg3 Bf6 17. c3 Rfe8 18. Kg2 a5 19. Bc1 a4 20. Bc2 c5 21. Nf3 Qc6 22. c4 Qd7 23. Neg1 cxd4 24. Nxd4 Ne5 25. Qd2 Nxc4 26. Qf2 Be5 27. Nde2 Nxb2 28. Nf4 Nc4 29. Bd3 Rac8 30. Nxh5 Bxh5 31. Nh3 Bc3 32. Nf4 Bxe1 33. Qxe1 Ne5 34. Nxh5 Nxd3 35. Qe3 Qg4 36. Nxg7 Kxg7 37. Qh6+ Kg8 38. Rf5 Rc2+ 0-1

[Event "POR-chT"]
[Site "Maia"]
[Date "2018.07.17"]
[Round "3.1"]
[White "Turcer, Dusan"]
[Black "Ftacnik, Lubomir"]
[Result "0-1"]
[WhiteElo "2039"]
[BlackElo "2514"]
[PlyCount "130"]
[EventDate "2018.07.16"]
[EventType "team-tourn"]
[EventRounds "9"]
[EventCountry "POR"]
[SourceTitle "CBM 185 Extra"]
[Source "ChessBase"]
[SourceDate "2018.07.29"]
[SourceVersion "1"]
[SourceVersionDate "2018.07.29"]
[SourceQuality "1"]
[WhiteTeam "Mata de Benfica"]
[BlackTeam "Gaia"]
[WhiteTeamCountry "POR"]
[BlackTeamCountry "POR"]

1. e4 c5 2. d4 cxd4 3. c3 d3 4. Bxd3 Nc6 5. f4 d6 6. Nf3 Nf6 7. h3 e5 8. 0-0 Be7 9. c4 Qb6+ 10. Kh2 exf4 11. Nc3 0-0 12. Bxf4 Be6 13. b3 Nh5 14. Bg5 Qd8 15. Bxe7 Qxe7 16. Qd2 Rae8 17. Rad1 Nf6 18. Bb1 Rd8 19. Qf4 Rd7 20. Kg1 Rfd8 21. Nd5 Bxd5 22. exd5 Ne5 23. Nd4 Nh5 24. Qf2 g6 25. Rde1 Ng7 26. Bc2 Rc8 27. a4 a6 28. Bb1 Qd8 29. Be4 Qb6 30. Kh1 Re8 31. Bc2 Qc5 32. Qh4 Rde7 33. Rd1 Nd7 34. Nf3 f6 35. Qh6 Nh5 36. Kh2 Qe3 37. Qxe3 Rxe3 38. Nd4 Ng3 39. Rf3 Rxf3 40. gxf3 Nh5 41. Ne6 Nf8 42. Nd4 Nf4 43. Be4 f5 44. Bb1 Nd7 45. Kg3 Ne2+ 46. Nxe2 Rxe2 47. b4 b6 48. Bd3 Ra2 49. c5 bxc5 50. b5 Rxa4 51. bxa6 c4 52. Bf1 Nc5 53. Rc1 Nxa6 54. Bxc4 Nc5 55. h4 Kg7 56. f4 Ra3+ 57. Kg2 Ne4 58. Be2 Rg3+ 59. Kh2 Re3 60. Rc2 Kh6 61. Kg2 Nc3 62. Bf3 Rd3 63. h5 Nxd5 64. Kg3 gxh5 65. Re2 h4+ 0-1

[Event "SVK-chT1E 1314"]
[Site "Slovakia"]
[Date "2013.12.15"]
[Round "6.7"]
[White "Hotak, Marian"]
[Black "Turcer, Dusan"]
[Result "1/2-1/2"]
[WhiteElo "2036"]
[BlackElo "2037"]
[PlyCount "150"]
[EventDate "2013.10.12"]
[EventType "team-tourn"]
[EventRounds "11"]
[EventCountry "SVK"]
[SourceTitle "EXT 2015"]
[Source "ChessBase"]
[SourceDate "2014.11.20"]
[SourceVersion "1"]
[SourceVersionDate "2014.11.20"]
[SourceQuality "1"]
[WhiteTeam "Kezmarok"]
[BlackTeam "Banska Bystrica TH"]
[WhiteTeamCountry "SVK"]
[BlackTeamCountry "SVK"]

1. e4 c5 2. Nf3 Nc6 3. b4 cxb4 4. d4 d5 5. exd5 Qxd5 6. c4 bxc3 7. Nxc3 Qa5 8. Bd2 e6 9. d5 Bb4 10. Rc1 exd5 11. Bb5 Nge7 12. a3 Bxc3 13. Bxc6+ bxc6 14. Bxc3 Qxa3 15. 0-0 0-0 16. Qe1 a5 17. Bd4 Ng6 18. Bc5 Qd3 19. Rc3 Qf5 20. Bxf8 Kxf8 21. Qe3 Bd7 22. Qc5+ Kg8 23. Rb3 a4 24. Rb7 Nf8 25. Qa3 Qf6 26. Rfb1 Rd8 27. Rb8 h6 28. Rxd8 Qxd8 29. Qxa4 Kh7 30. Qa7 Qf6 31. Rb8 Ng6 32. Rb7 Be6 33. Qd4 Qxd4 34. Nxd4 c5 35. Nb3 c4 36. Nd4 Nf4 37. g3 Nd3 38. Kf1 Kg6 39. Ke2 Kf6 40. f4 g5 41. Ke3 Bh3 42. Rb6+ Kg7 43. Rd6 Nb4 44. Kd2 gxf4 45. gxf4 Nd3 46. Rxd5 Nxf4 47. Rc5 Be6 48. Nxe6+ Nxe6 49. Rxc4 h5 50. Ke3 f5 51. Rc6 Kf6 52. Rb6 Ke5 53. Rb5+ Kf6 54. h4 Nc7 55. Ra5 Ne6 56. Rd5 Nc7 57. Rd7 Ne6 58. Rh7 Ng7 59. Rh6+ Ke5 60. Rh7 Kf6 61. Rh8 Ke5 62. Kf3 Kf6 63. Ke3 Ke5 64. Kd3 Kf6 65. Kd4 Ne6+ 66. Kd5 Nf4+ 67. Kd6 Kg7 68. Ra8 Ng6 69. Ke6 Nxh4 70. Ra4 Ng6 71. Kxf5 Ne7+ 72. Kg5 Kf7 73. Kxh5 Ke6 74. Kg5 Ke5 75. Ra6 Nd5 1/2-1/2

[Event "SVK-chT2C 10/11"]
[Site "Slovakia"]
[Date "2011.03.27"]
[Round "11.5"]
[White "Turcer, Dusan"]
[Black "Mraz, Ondrej"]
[Result "1/2-1/2"]
[WhiteElo "2043"]
[BlackElo "1788"]
[PlyCount "141"]
[EventDate "2010.10.23"]
[EventType "team-tourn"]
[EventRounds "11"]
[EventCountry "SVK"]
[SourceTitle "EXT 2019"]
[Source "ChessBase"]
[SourceDate "2018.10.10"]
[SourceVersion "1"]
[SourceVersionDate "2018.10.10"]
[SourceQuality "1"]
[WhiteTeam "Sklene Patriots CC"]
[BlackTeam "Liptov Chess School II"]
[WhiteTeamCountry "SVK"]
[BlackTeamCountry "SVK"]

1. e4 e5 2. f4 exf4 3. Bc4 d6 4. d4 g5 5. h4 Nc6 6. Nf3 Bg4 7. Nc3 Bg7 8. Bb5 Bxf3 9. Qxf3 Bxd4 10. hxg5 Qxg5 11. Nd5 0-0-0 12. Bxf4 Qg7 13. c3 Be5 14. Bxc6 bxc6 15. Nb4 Re8 16. 0-0-0 Kb7 17. Be3 c5 18. Qe2 Ne7 19. Qb5+ Ka8 20. Na6 Rc8 21. Bh6 Qxg2 22. Qd7 Qxe4 23. Nxc7+ Rxc7 24. Qxc7 Qb7 25. Qa5 Rb8 26. Qa3 Nf5 27. Bd2 Ng3 28. Rh4 f5 29. Qb3 Qc6 30. Qa4 Ne2+ 31. Kc2 Qxa4+ 32. Rxa4 f4 33. Rf1 Rf8 34. Rf3 Ng1 35. Rf1 Nh3 36. b4 cxb4 37. cxb4 h5 38. b5 Kb7 39. Kd3 Rf6 40. Ba5 Rf8 41. Rc4 Rf7 42. b6 axb6 43. Rb1 Rc7 44. Rxc7+ Kxc7 45. Bxb6+ Kc6 46. Ba7 Ng5 47. Rh1 Ne6 48. Rxh5 f3 49. Ke3 Kb7 50. Rh7+ Ng7 51. Kxf3 Kxa7 52. Ke4 Kb6 53. Kd5 Nf5 54. Rh5 Ne3+ 55. Ke4 Ng4 56. Kf5 Nf6 57. Rh6 Kc5 58. a4 Nd5 59. Rh4 Bc3 60. Ke4 Nb6 61. Kd3 Bb4 62. Kc2 d5 63. Kb3 Ba5 64. Rh5 Nc4 65. Rg5 Nd2+ 66. Kc2 Ne4 67. Rh5 Kc4 68. Rh4 Be1 69. Rg4 Kb4 70. Kd3 Kxa4 71. Rxe4+ 1/2-1/2

[Event "SVK-chT2C 10/11"]
[Site "Slovakia"]
[Date "2011.02.06"]
[Round "7.5"]
[White "Turiak, Anton"]
[Black "Turcer, Dusan"]
[Result "1-0"]
[WhiteElo "1908"]
[BlackElo "2043"]
[PlyCount "74"]
[EventDate "2010.10.23"]
[EventType "team-tourn"]
[EventRounds "11"]
[EventCountry "SVK"]
[SourceTitle "EXT 2019"]
[Source "ChessBase"]
[SourceDate "2018.10.10"]
[SourceVersion "1"]
[SourceVersionDate "2018.10.10"]
[SourceQuality "1"]
[WhiteTeam "Zilina DMS"]
[BlackTeam "Sklene Patriots CC"]
[WhiteTeamCountry "SVK"]
[BlackTeamCountry "SVK"]

1. e4 c5 2. Nf3 Nc6 3. d4 cxd4 4. Nxd4 Nf6 5. Nc3 e5 6. Ndb5 d6 7. Bg5 a6 8. Na3 b5 9. Bxf6 gxf6 10. Nd5 f5 11. Bd3 Be6 12. 0-0 Bxd5 13. exd5 Ne7 14. c3 Bg7 15. Nc2 0-0 16. Qh5 e4 17. Be2 Qd7 18. f3 Ng6 19. fxe4 fxe4 20. Bg4 Qa7+ 21. Kh1 Rae8 22. Rae1 Re5 23. Bf5 Rxd5 24. Rxe4 Re5 25. Qg4 Rfe8 26. h4 Qe7 27. Rxe5 Nxe5 28. Qg3 Kh8 29. Nd4 Rg8 30. Bc2 Bh6 31. Qf2 Ng4 32. Qe1 Ne3 33. Nf5 Nxf5 34. Bxf5 Qxe1 35. Rxe1 Bf4 36. g4 Kg7 37. Re4 Be5 1-0